Ľudovít Fulla. : Katalóg k stálej expozícii v Galérii Ľudovíta Fullu v Ružomberku. /
Uložené v:
| Hlavný autor: | |
|---|---|
| Médium: | Kniha |
| Jazyk: | Slovak |
| Vydané: |
Ružomberok :
Slovenská národná galéria,
1994
|
| Vydanie: | 1. vyd. |
| Témy: | |
| ISBN: |
8085188406 (brož.) |
| Fyzický popis: |
Nestr. |
| Tagy: |
Pridať tag
Žiadne tagy, Buďte prvý kto otaguje tento záznam!
|
Titul je dostupný aj v ... 

MARC
| LEADER | 00000nam a2200000 a 4500 | ||
|---|---|---|---|
| 001 | 000047721 | ||
| 003 | SVKK | ||
| 005 | 19990622000000.0 | ||
| 008 | 950206s1994 xo e sloo | ||
| 020 | |a 8085188406 (brož.) | ||
| 040 | |a SVKKK |b slo |c SVKKK |e AACR2 | ||
| 041 | 0 | |a slo | |
| 044 | |a xo |c SK | ||
| 080 | |a 061.4:75(437.6) |2 1997 | ||
| 080 | |a 75(437.6) Fulla, Ľ. |2 1997 | ||
| 100 | 1 | |a Peterajová, Ľudmila |4 aut | |
| 245 | 1 | 0 | |a Ľudovít Fulla. : |b Katalóg k stálej expozícii v Galérii Ľudovíta Fullu v Ružomberku. / |c Ľudmila Peterajová |
| 250 | |a 1. vyd. | ||
| 260 | |a Ružomberok : |b Slovenská národná galéria, |c 1994 | ||
| 300 | |a Nestr. | ||
| 500 | |a Text aj angl. a nem. | ||
| 653 | 0 | |a Fulla, Ľudovít, 1902-1980 |2 SVKKKPH | |
| 653 | 0 | |a výtvarník slovenský |2 SVKKKPH | |
| 653 | 0 | |a výstavy |2 SVKKKPH | |
| 653 | 0 | |a katalógy |2 SVKKKPH | |
| 655 | 7 | |a katalógy výstav |2 SVKKKPH | |
| 910 | |a svkkk | ||
| 919 | |a 80-85188-40-6 | ||
| 974 | |a MI |d 19950227 | ||
| 974 | |a KL |d 19950214 | ||
| 974 | |a MI |d 19990622 | ||
| 998 | |a BK | ||
| 090 | |g SCKHL |k Sklad Pribinova prízemie |a IV.167489 |j 878590 |i 2720260265 |s Absenčne | ||